Geschichte der Karthager / (Record no. 159324)

MARC details
000 -LEADER
campo de control de longitud fija 00916nam a22002295i 4500
001 - NÚMERO DE CONTROL
campo de control 159324
003 - IDENTIFICADOR DE NÚMERO DE CONTROL
campo de control ES-MaACL
005 - FECHA Y HORA DE LA ÚLTIMA TRANSACCIÓN
campo de control 20230906211540.0
008 - DATOS DE LONGITUD FIJA--INFORMACIÓN GENERAL
campo de control de longitud fija 000822m18791913gw |||| | ger d
100 1# - ENTRADA PRINCIPAL--NOMBRE DE PERSONA
Nombre de persona Meltzer, Otto.
9 (RLIN) 129814
245 10 - MENCIÓN DEL TÍTULO
Título Geschichte der Karthager /
Mención de responsabilidad, etc. von Otto Meltzer.
260 ## - PUBLICACIÓN, DISTRIBUCIÓN, ETC.
Lugar de publicación, distribución, etc. Berlin :
Nombre del editor, distribuidor, etc. [s.n.],
Fecha de publicación, distribución, etc. 1879-1913 (
Fabricante Weidmannsche)
300 ## - DESCRIPCIÓN FÍSICA
Extensión 3 v. ;
Dimensiones 22 cm.
530 ## - NOTA DISPONIBLE DE FORMULARIO FÍSICO ADICIONAL
Nota de formato físico adicional disponible Disponible en formato digital.
650 #4 - PUNTO DE ACCESO ADICIONAL DE MATERIA--TÉRMINO DE MATERIA
Término de materia o nombre geográfico como elemento de entrada Cartagineses.
9 (RLIN) 10795
651 #4 - PUNTO DE ACCESO ADICIONAL DE MATERIA--NOMBRE GEOGRÁFICO
Nombre geográfico Cartago (Ciudad desaparecida)-
Subdivisión general Historia.
9 (RLIN) 147979
752 ## - ENTRADA AGREGADA--NOMBRE JERÁRQUICO DEL LUGAR
País o entidad superior Alemania -
Ciudad Berlín
852 ## - LOCALIZACIÓN
Ubicación ES-MaACL
Número de control de estantería G-2906-08
Nota libre - Enc. pasta
856 ## - LOCALIZACIÓN Y ACCESO ELECTRÓNICOS
Identificador Uniforme de Recursos <a href="https://archive.org/details/geschichtederkar01melt ">https://archive.org/details/geschichtederkar01melt </a>
Nota pública Internet Archive
-- (V. 1)
856 ## - LOCALIZACIÓN Y ACCESO ELECTRÓNICOS
Identificador Uniforme de Recursos <a href="https://archive.org/details/geschichtederkar02melt ">https://archive.org/details/geschichtederkar02melt </a>
Nota pública Internet Archive
-- (V. 2)
856 ## - LOCALIZACIÓN Y ACCESO ELECTRÓNICOS
Identificador Uniforme de Recursos <a href="https://archive.org/details/geschichtederkar03melt/page/n5/mode/2up">https://archive.org/details/geschichtederkar03melt/page/n5/mode/2up</a>
Nota pública Internet Archive
-- (V. 3)
Holdings
Estatus retirado Estado de pérdida Estado de daño No para préstamo Colección Biblioteca de origen Biblioteca actual Ubicación en estantería Fecha de adquisición Fuente de adquisición Total de préstamos Signatura topográfica completa Código de barras Visto por última vez Precio de reemplazo Tipo de ítem Koha
        Colección digital Biblioteca del Ateneo de Madrid Biblioteca del Ateneo de Madrid Depósito 2 17/01/2008     G-2906-2908 1166790 23/02/2023 23/02/2023 Libro impreso antiguo